| 000 | 00535cam a22001217a 4500 | ||
|---|---|---|---|
| 008 | 180718b1979 xxu||||| |||| 00| 0 eng d | ||
| 082 | _aA81x54 In2/71/19/PT10C/A/S | ||
| 100 | _aCensus of India 1971 | ||
| 245 | _aTamil Nadu district census handbook, South Arcot: district census tables, computerised tables on village directory and primary census abstract and administrative statistics | ||
| 260 |
_aNew Delhi _bThe Controller of Publications _c1979 |
||
| 300 | _a668+p. | ||
| 440 | _aCensus of India 1971. Series-19, Tamil Nadu. Part X-C | ||
| 999 |
_c485548 _d485548 |
||